In my view (Record no. 1351469)

MARC details
000 -LEADER
fixed length control field 00504nam a2200193Ia 4500
005 - DATE AND TIME OF LATEST TRANSACTION
control field 20250508154648.0
008 - FIXED-LENGTH DATA ELEMENTS--GENERAL INFORMATION
fixed length control field 008 250505s9999 xx 000 0 eng d
037 ## - SOURCE OF ACQUISITION
Stock number Textual
040 ## - CATALOGING SOURCE
Original cataloging agency FEDL
Language of cataloging eng
Transcribing agency FEDL
041 ## - LANGUAGE CODE
Language code of text/sound track or separate title eng
Source of code eng
084 ## - COLON CLASSIFICATION NUMBER
Classification number 040, DES
Assigning agency FEDL
100 ## - MAIN ENTRY--PERSONAL NAME
Personal name Desai Morarji
245 #0 - TITLE STATEMENT
Title In my view
260 ## - PUBLICATION, DISTRIBUTION, ETC.
Place of publication, distribution, etc. Bombay, India
Name of publisher, distributor, etc. Thacker and Company Limited
Date of publication, distribution, etc. 1966
300 ## - PHYSICAL DESCRIPTION
Extent viii,239p
365 ## - TRADE PRICE
Price type code INR
Price amount 135
942 ## - ADDED ENTRY ELEMENTS (KOHA)
Koha item type Textual
Classification part 040, DES
Holdings
Withdrawn status Lost status Damaged status Not for loan Home library Current library Date acquired Cost, normal purchase price Total Checkouts Full call number Barcode Date last seen Price effective from Koha item type
        Department of Education Library Department of Education Library 2025-05-08 135.00   040, DES EL0035605 2025-05-08 2025-05-08 Textual
Copyright @ Delhi University Library System